000 00517nam a2200181Ia 4500
999 _c16732
_d16732
003 OSt
005 20200606120002.0
008 190216s9999||||xx |||||||||||||| ||und||
020 _a8186185185
040 _cMESKC library
082 _a891.433
_bARO/P
100 _aArora,Pritam
_9155
245 0 _aParchhaiyam :
_bShort Stories Collection /
_cPritam Arora
260 _bDivyasakthi Prakashan
_c2002
300 _a80p
650 _aHindi
942 _cBK
_2ddc
_h891.433
_iARO/P
_k891.433
_mARO/P